000 00416nam a22001697a 4500
003 MPLRDC
005 20220104142404.0
008 210129b ||||| |||| 00| 0 eng d
082 _a859.6 QMGS v.7
100 _a不详
245 _a头上长角的皇帝
_c
260 _a
_b贝儿出版有限公司
_c
300 _b
490 _a奇妙故事选集;7
650 _a奇妙故事
942 _cBK
_o859.6 QMGS v.7
999 _c30482
_d30472